00524nam a22001697a 450000500170000001000150001702000260003203500140005803700090007208200120008110000140009324500610010725000100016826000500017827001060022830000200033420241022115102.0 aENG-142242 a9788171772902c795.00 aEN-125774 bDBAD a344.041 aBag, R.K. aLaw of Medical Negligence and Compensation/cby R.K. Bag aThird bEastern Law House Private LTD.aKolkatac2014 a54 Ganesh Chunder AvenuebKolkatae700013k033-2215-1989k033-2215-2301l0332215-0491mmail@elh.co.in a584p.c22cm(hb)